2021 Formula One Drivers - Statistics

General Stats
  • This quiz has been taken 55 times
  • The average score is 19 of 20
Answer Stats
Team Nationality Driver % Correct
McLaren F1 Team British Lando Norris
100%
Mercedes-AMG Petronas Formula One Team British Lewis Hamilton
100%
Red Bull Racing Dutch Max Verstappen
100%
Mexican Sergio Pérez
100%
Spanish Carlos Sainz Jr.
98%
Scuderia Ferrari Mission Winnow Monégasque Charles Leclerc
98%
German Sebastian Vettel
98%
Finnish Valtteri Bottas
98%
Australian Daniel Ricciardo
96%
Alpine F1 Team French Esteban Ocon
96%
Spanish Fernando Alonso
96%
Aston Martin Cognizant F1 Team Canadian Lance Stroll
96%
Scuderia AlphaTauri Honda French Pierre Gasly
96%
Williams Racing British George Russell
94%
Alfa Romeo Racing Orlen Finnish Kimi Räikkönen
94%
Japanese Yuki Tsunoda
94%
Haas F1 Team German Mick Schumacher
92%
Canadian Nicholas Latifi
90%
Russian Nikita Mazepin
86%
Italian Antonio Giovinazzi
84%
No matching quizzes found
Score Distribution
Percent of People with Each Score
Percentile by Number Answered
Your Score History
You have not taken this quiz